[Event "37th ECCC 2022"]
[Site "Mayrhofen"]
[Date "2022.10.07"]
[Round "5.1"]
[White "Harikrishna, Pentala"]
[Black "Anand, Viswanathan"]
[Result "1-0"]
[WhiteElo "2717"]
[BlackElo "2756"]
[Annotator "TA"]
[PlyCount "103"]
[EventDate "2022.10.03"]
[EventType "team-tourn"]
[EventCountry "AUT"]
[SourceTitle "playchess.com"]
[Source "ChessBase"]
[SourceQuality "1"]
[TimeControl "40/5400+30:1800+30"]

{[%evp 15,103,22,23,8,13,21,10,16,13,2,3,0,11,8,41,26,39,29,32,32,33,37,53,51,37,51,39,30,32,21,29,26,67,67,67,67,76,69,75,63,72,35,35,39,39,39,47,33,184,184,186,187,193,193,193,193,193,193,193,193,193,170,201,170,170,170,203,173,316,300,288,265,243,0,168,168,168,147,200,229,227,169,181,180,476,471,445,412,385,346]} 1. d4 {[%emt 0:00:03]} Nf6 {[%emt 0:00:07]} 2. c4 {[%emt 0:00:05]} e6 {[%emt 0:00:05]} 3. Nf3 {[%emt 0:00:04]} d5 {[%emt 0:00:06]} 4. g3 {[%emt 0:00:05]} dxc4 {[%emt 0:00:10]} 5. Bg2 {[%emt 0:00:06]} c5 {[%emt 0:00:07]} 6. O-O {[%emt 0:00:19]} Nc6 {[%emt 0:00:06]} 7. Qa4 {[%emt 0:00:21]} Bd7 {[%emt 0:01:09]} 8. Qxc4 {[%emt 0:00:12]} b5 {[%emt 0:00:37] 8...b5 is better than 8...cxd4.} 9. Qc3 {[%emt 0:00:13] E04: Open Catalan: 5 Nf3.} b4 {[%emt 0:05:09]} 10. Qd3 {[%emt 0:00:28]} Rc8 {[%emt 0:04:19]} 11. dxc5 {[%emt 0:01:06] The position is equal.} Bxc5 {[%emt 0:00:10]} 12. Nbd2 {[%emt 0:00:48]} O-O {[%emt 0:03:20]} 13. Nb3 {[%emt 0:01:45]} Bb6 {[%emt 0:00:27]} 14. Be3 {[%emt 0:01:58] [#]} Ne7 $146 {[%emt 0:09:39]} ({Predecessor:} 14... e5 15. Ng5 h6 16. Ne4 Bf5 17. Bxb6 axb6 18. Nxf6+ Qxf6 19. Qb5 Nd4 20. Nxd4 exd4 21. Qxb4 {0-1 (46) Shankland,S (2708)-Aronian,L (2782) Kolkata 2021}) 15. Ne5 {[%emt 0:07:21]} Ba4 {[%emt 0:04:33]} 16. Qxd8 {[%emt 0:05:11]} Rfxd8 {[%emt 0:00:09]} 17. Bxb6 {[%emt 0:00:10]} axb6 {[%emt 0:00:04]} 18. Rfc1 {[%emt 0:00:24]} Nd7 {[%emt 0:10:50]} 19. Rxc8 {[%emt 0:24:22]} Rxc8 {[%emt 0:00:15]} 20. Nxd7 {[%emt 0:00:15]} Bxd7 {[%emt 0:00:08]} 21. Rc1 {[%emt 0:00:05]} e5 {[%emt 0:08:58]} 22. Rxc8+ {[%emt 0:14:50]} Nxc8 $14 {[%emt 0:06:23][%mdl 4096] Endgame KBN-KBN} 23. Nc1 {[%emt 0:12:37]} Nd6 {[%emt 0:04:32]} 24. Nd3 {[%emt 0:05:47][%csl LRb4,LRe5]} b3 {[%emt 0:00:49]} 25. axb3 {[%emt 0:00:21]} f6 {[%emt 0:00:47]} 26. Bd5+ {[%emt 0:03:37]} Kf8 {[%emt 0:00:11]} 27. e4 {[%emt 0:03:04]} Ke7 {[%emt 0:02:30]} 28. f4 {[%emt 0:01:47]} exf4 {[%emt 0:01:35]} 29. Nxf4 {[%emt 0:00:35]} g5 {[%emt 0:03:09]} 30. Ne2 {[%emt 0:03:19]} f5 {[%emt 0:07:29]} 31. e5 {[%emt 0:02:43]} Ne8 {[%emt 0:06:26] [#]} ({Better is} 31... Nf7 $14) 32. Nd4 $18 {[%emt 0:00:27]} Ng7 {[%emt 0:03:10]} 33. Kf2 {[%emt 0:00:51]} h6 {[%emt 0:00:42]} 34. Ke3 {[%emt 0:03:07]} Be8 {[%emt 0:02:16]} 35. Bc4 {[%emt 0:01:51]} Bd7 {[%emt 0:00:09]} 36. b4 {[%emt 0:00:41][%cal Bb3b4,Bb4b5][%mdl 32]} Bc8 {[%emt 0:03:28]} 37. Bd5 {[%emt 0:03:11]} Bd7 {[%emt 0:00:08]} 38. Bb3 {[%emt 0:02:36]} Kd8 {[%emt 0:01:08]} 39. Bc2 {[%emt 0:01:27]} Ke7 {[%emt 0:00:08]} 40. Bd3 {[%emt 0:00:32]} Kf7 {[%emt 0:00:18]} 41. b5 {[%emt 0:06:28]} Ke7 {[%emt 0:03:51]} (41... Be6 $142 42. b3 Ke7) 42. Nc6+ {[%emt 0:01:35]} Ke8 {[%emt 0:00:47]} 43. Nb4 {[%emt 0:00:53] Black must now prevent Nd5.} Be6 {[%emt 0:00:14]} 44. Nc6 $2 {[%emt 0:03:37] [#]} (44. Kd4 $18) 44... Kd7 $2 {[%emt 0:01:09]} (44... Bd7 $1 $11 {and Black stays safe.}) 45. Nd4 {[%emt 0:00:39]} Ke7 {[%emt 0:00:18]} 46. Bc2 {[%emt 0:05:35]} Bd7 {[%emt 0:00:32]} (46... Kf7 $16 47. Bb1 Ke7) 47. Bb3 {[%emt 0:00:48]} Kd8 {[%emt 0:04:16]} 48. Nc6+ {[%emt 0:06:48]} Kc7 {[%emt 0:00:21]} 49. Bd5 {[%emt 0:00:52]} Ne6 $2 {[%emt 0:00:57]} (49... Nh5 {was necessary.} 50. Kf3 Ng7) 50. Bxe6 {[%emt 0:00:59]} Bxe6 {[%emt 0:00:17]} 51. Nd4 {[%emt 0:01:30]} Kd7 {[%emt 0:01:17]} 52. h4 {[%emt 0:01:31] Weighted Error Value: White=0.11 (very precise) /Black=0.31} 1-0

[Event "37th ECCC 2022"]
[Site "Mayrhofen"]
[Date "2022.10.07"]
[Round "5.2"]
[White "Rapport, Richard"]
[Black "Vidit, Santosh Gujrathi"]
[Result "0-1"]
[WhiteElo "2754"]
[BlackElo "2710"]
[Annotator "TA"]
[PlyCount "114"]
[EventDate "2022.10.03"]
[EventType "team-tourn"]
[EventCountry "AUT"]
[SourceTitle "playchess.com"]
[Source "ChessBase"]
[SourceQuality "1"]
[TimeControl "40/5400+30:1800+30"]

{[%evp 19,114,8,15,0,0,0,0,0,0,0,0,0,0,-2,0,-24,-20,-18,-22,-25,-11,-9,-9,-22,-13,-35,-31,-28,-26,-37,-30,-41,-38,-52,-35,-69,-74,-72,-77,-143,-156,-175,-168,-181,-166,-165,-168,-211,-207,-451,-286,-349,-337,-429,-412,-458,-489,-496,-476,-541,-297,-297,-297,-297,-297,-297,-297,-327,-326,-309,-275,-373,-373,-373,-373,-714,-714,-1402,-1394,-1827,-1859,-1630,-1637,-2253,-1955,-1912,-1729,-2399,-2171,-5826,-5612,-29963,-29938,-29984,-29985,-29985,-29986]} 1. e4 {[%emt 0:01:09] Ramirez Alvarez,A} e5 {[%emt 0:00:15]} 2. Nf3 {[%emt 0:00:16]} Nc6 {[%emt 0:00:21]} 3. Bb5 {[%emt 0:01:01]} Nf6 {[%emt 0:00:45]} 4. O-O {[%emt 0:03:57]} Nxe4 {[%emt 0:00:12]} 5. d4 {[%emt 0:00:08]} Nd6 {[%emt 0:00:13]} 6. Bxc6 {[%emt 0:00:10]} dxc6 {[%emt 0:00:10]} 7. dxe5 {[%emt 0:00:05]} Nf5 {[%emt 0:00:09]} 8. Qxd8+ {[%emt 0:00:04]} Kxd8 {[%emt 0:00:10]} 9. Nc3 {[%emt 0:00:06]} Be7 {[%emt 0:03:19]} 10. Rd1+ {[%emt 0:00:50]} Ke8 {[%emt 0:00:09]} 11. Bg5 {[%emt 0:00:07] C67: Ruy Lopez: Berlin Defence: 4 0-0 Nxe4.} Bxg5 {[%emt 0:11:47]} 12. Nxg5 {[%emt 0:01:22]} h6 {[%emt 0:00:22]} 13. Nge4 {[%emt 0:03:23] The position is equal. has lost popularity (13.Nf3).} g5 $5 {[%emt 0:04:41][%mdl 4] [#] Exploring less charted territory.} 14. Ne2 $146 {[%emt 0:21:34]} ({Predecessor:} 14. b4 a6 15. a4 Ke7 16. a5 Nh4 17. Nc5 Ng6 18. f3 b6 19. Nd3 Bf5 20. Na4 {½-½ (56) Vachier Lagrave,M (2731)-Eljanov,P (2723) Biel 2015 CBM 168 [Ramirez Alvarez,A]}) 14... Ke7 {[%emt 0:02:39]} 15. Rd2 {[%emt 0:12:15]} Be6 {[%emt 0:07:16]} 16. Rad1 {[%emt 0:02:45]} Rad8 {[%emt 0:10:44]} (16... Rhd8 {is interesting.} 17. b3 Rd5 18. f4 gxf4 19. Nxf4 Rxe5 20. Nxe6 Kxe6 21. Nf2 Ne3) 17. Rxd8 {[%emt 0:18:21]} Rxd8 {[%emt 0:00:11]} 18. Rxd8 {[%emt 0:00:02]} Kxd8 $11 {[%emt 0:00:02][%mdl 4096] Endgame KBN-KNN} 19. b3 {[%emt 0:00:48]} Nh4 {[%emt 0:17:57]} 20. Nc5 {[%emt 0:01:45]} Bc8 {[%emt 0:03:20]} 21. Nd4 {[%emt 0:05:25]} Ng6 {[%emt 0:09:00]} 22. e6 {[%emt 0:03:51]} fxe6 {[%emt 0:00:18]} 23. Ncxe6+ {[%emt 0:00:41]} Ke7 {[%emt 0:00:07]} 24. Nc5 {[%emt 0:01:56]} Kd6 {[%emt 0:02:51]} 25. Nd3 {[%emt 0:00:20]} Ne5 {[%emt 0:01:38] And now ...Nxd3 would win.} 26. Ne1 {[%emt 0:09:19]} b5 {[%emt 0:03:42][%cal Bb7b5,Bb5b4][%mdl 32]} 27. c3 {[%emt 0:01:56]} a5 {[%emt 0:01:17] White is now going downhill.} 28. f3 {[%emt 0:03:14]} b4 {[%emt 0:00:25]} 29. Kf2 {[%emt 0:02:09] [#]} (29. cxb4 $142 axb4 30. Ndc2) 29... c5 $1 $17 {[%emt 0:00:34]} (29... bxc3 30. Ke3 $11) 30. Ndc2 {[%emt 0:00:18]} Bf5 {[%emt 0:05:20]} (30... bxc3 31. Ne3 $17) 31. cxb4 {[%emt 0:00:57]} cxb4 {[%emt 0:00:06]} (31... axb4 32. Ke3 $15) 32. Ke3 {[%emt 0:00:10]} c5 {[%emt 0:00:11]} 33. h3 {[%emt 0:01:24]} c4 {[%emt 0:06:13]} 34. bxc4 $2 {[%emt 0:00:13]} (34. Kd4 {was necessary.}) 34... Nxc4+ {[%emt 0:00:07]} 35. Kd4 {[%emt 0:00:10] [#]} Ne5 {[%emt 0:00:08]} 36. Na1 {[%emt 0:02:09]} Nc6+ {[%emt 0:04:14]} (36... Bb1 $2 37. a4 $19) 37. Ke3 {[%emt 0:00:01]} a4 {[%emt 0:01:50][%cal Ba5a4,Ba4a3][%mdl 32] Inhibits Nb3.} ({Not} 37... Bb1 $2 38. a4 $19) 38. Nd3 {[%emt 0:00:59]} Kd5 {[%emt 0:00:38]} 39. Kd2 {[%emt 0:00:33]} Kc4 {[%emt 0:04:01]} 40. Nb2+ {[%emt 0:00:32]} Kb5 {[%emt 0:00:07]} 41. Nc2 {[%emt 0:31:37]} a3 {[%emt 0:08:18]} 42. Nd3 {[%emt 0:00:00][%cal Od3b4]} Bh7 {[%emt 0:00:15]} (42... Be6 43. Ndxb4 Nxb4 44. Nd4+ Kc5 45. Nxe6+ Kd5 46. Ng7 $15 (46. Nc7+ Kc4 $15)) 43. g3 {[%emt 0:00:00]} Bg8 {[%emt 0:02:54]} 44. Nc1 {[%emt 0:00:00]} h5 {[%emt 0:01:35]} 45. h4 {[%emt 0:00:00]} gxh4 {[%emt 0:00:12]} 46. gxh4 {[%emt 0:00:00]} Ne5 {[%emt 0:06:42]} 47. Ke3 {[%emt 0:00:00]} (47. Ke2) 47... Kc4 $19 {[%emt 0:01:11] Strongly threatening ...Kc3.} 48. Nd4 {[%emt 0:00:00]} Kc3 {[%emt 0:01:57]} 49. f4 {[%emt 0:00:00]} Ng4+ {[%emt 0:02:19]} 50. Ke4 {[%emt 0:00:00]} Nf6+ {[%emt 0:01:07]} 51. Ke5 {[%emt 0:00:00]} Nd7+ {[%emt 0:00:18]} 52. Ke4 {[%emt 0:00:00]} Nc5+ {[%emt 0:00:23]} 53. Ke3 {[%emt 0:00:00]} Kb2 {[%emt 0:00:08][%csl LRa2,LRc1]} 54. Nce2 {[%emt 0:00:00]} Bxa2 {[%emt 0:00:29] ( -> ...Bc4)} 55. Nc6 {[%emt 0:00:00]} Bc4 {[%emt 0:00:59] Black mates.} 56. Nxb4 {[%emt 0:00:00]} Bxe2 {[%emt 0:00:35]} (56... a2 57. Nxa2 Bxa2 58. Ng3 $11) 57. Kxe2 {[%emt 0:00:00]} Kb3 {Weighted Error Value: White=0.84/Black=0.08 (flawless)} 0-1

[Event "37th ECCC 2022"]
[Site "Mayrhofen"]
[Date "2022.10.07"]
[Round "5.3"]
[White "Wojtaszek, Radoslaw"]
[Black "Deac, Bogdan-Daniel"]
[Result "1/2-1/2"]
[WhiteElo "2693"]
[BlackElo "2707"]
[Annotator "TA"]
[PlyCount "65"]
[EventDate "2022.10.03"]
[EventType "team-tourn"]
[EventCountry "AUT"]
[SourceTitle "playchess.com"]
[Source "ChessBase"]
[SourceQuality "1"]
[TimeControl "40/5400+30:1800+30"]

{[%evp 20,65,5,7,24,0,0,0,0,0,0,0,0,0,0,0,0,0,0,0,0,0,0,0,0,0,0,0,0,0,1,0,4,0,0,0,2,0,0,0,0,0,0,0,0,0,0,0]} 1. d4 {[%emt 0:00:04]} Nf6 {[%emt 0:00:02]} 2. c4 {[%emt 0:00:07]} e6 {[%emt 0:00:02]} 3. Nf3 {[%emt 0:00:08]} d5 {[%emt 0:00:02]} 4. Nc3 {[%emt 0:00:09]} c6 {[%emt 0:01:26]} 5. e3 {[%emt 0:00:26]} Nbd7 {[%emt 0:00:11]} 6. Qc2 {[%emt 0:00:11]} Bd6 {[%emt 0:02:30]} 7. Bd3 {[%emt 0:00:23]} O-O {[%emt 0:01:07]} 8. O-O {[%emt 0:00:08]} dxc4 {[%emt 0:02:17]} 9. Bxc4 {[%emt 0:00:26]} a6 {[%emt 0:00:07]} 10. a4 {[%emt 0:10:20]} c5 {[%emt 0:02:37]} 11. Rd1 {[%emt 0:00:26]} Qc7 {[%emt 0:10:41] D46: Semi-Slav: 5 e3 Nbd7 6 Bd3, Black avoids the Meran.} 12. Qe2 {[%emt 0:02:32]} (12. Ne4 {with more complications.} Nxe4 13. Qxe4 cxd4 14. Bd3) 12... b6 {[%emt 0:07:10] The position is equal.} 13. h3 {[%emt 0:12:53]} cxd4 {[%emt 0:15:42]} 14. exd4 {[%emt 0:00:29]} Bb7 {[%emt 0:00:05]} 15. d5 {[%emt 0:10:46]} (15. Bd3 {keeps more tension.} Rfe8 16. Be3 Nd5 17. Nxd5 Bxd5 18. Ne5) 15... exd5 {[%emt 0:18:47]} 16. Nxd5 {[%emt 0:00:17]} Nxd5 {[%emt 0:01:53]} 17. Bxd5 {[%emt 0:00:07]} Bxd5 {[%emt 0:00:30]} 18. Rxd5 {[%emt 0:00:06] [#] And now Qd1 would win.} Nf6 {[%emt 0:00:07]} 19. Rd3 {[%emt 0:03:32] [#]} Rfe8 $146 {[%emt 0:00:20]} ({Predecessor:} 19... h6 20. Be3 Rfe8 21. Qd1 Rad8 22. Qb3 Bc5 23. Rxd8 Rxd8 24. Rc1 Nd5 25. Bxc5 bxc5 {½-½ (47) Taffijn,M (1887)-Ciesielski,S (2255) ICCF email 2018}) 20. Be3 {[%emt 0:00:46]} Bf4 {[%emt 0:03:51]} 21. Bxf4 {[%emt 0:11:25]} Qxf4 {[%emt 0:00:06]} 22. Qd2 {[%emt 0:00:03]} Qxd2 {[%emt 0:03:17]} 23. Rxd2 {[%emt 0:00:04]} Re4 {[%emt 0:00:37]} 24. a5 {[%emt 0:09:43]} bxa5 {[%emt 0:01:15]} 25. Rxa5 {[%emt 0:00:10]} h6 {[%emt 0:00:04]} 26. b3 {[%emt 0:02:49]} Rb4 {[%emt 0:00:33]} 27. Rd3 {[%emt 0:01:17]} Ne4 {[%emt 0:05:18]} 28. Ne5 {[%emt 0:10:45]} Rb5 {[%emt 0:02:28]} 29. Rxb5 {[%emt 0:01:52]} axb5 {[%emt 0:00:03]} 30. f3 {[%emt 0:00:07]} Nc5 {[%emt 0:00:26]} 31. Rd5 {[%emt 0:01:37]} Nxb3 {[%emt 0:00:06]} 32. Rxb5 {[%emt 0:00:04]} Nd4 {[%emt 0:00:07]} 33. Rb2 {[%emt 0:00:47] An even fight not without its subleties.  Weighted Error Value: White=0.02 (flawless) /Black=0.01 (flawless)} 1/2-1/2

[Event "37th ECCC 2022"]
[Site "Mayrhofen"]
[Date "2022.10.07"]
[Round "5.4"]
[White "Gukesh D"]
[Black "Navara, David"]
[Result "1/2-1/2"]
[WhiteElo "2732"]
[BlackElo "2676"]
[Annotator "TA"]
[PlyCount "107"]
[EventDate "2022.10.03"]
[EventType "team-tourn"]
[EventCountry "AUT"]
[SourceTitle "playchess.com"]
[Source "ChessBase"]
[SourceQuality "1"]
[TimeControl "40/5400+30:1800+30"]

{[%evp 11,107,0,20,7,11,14,11,10,9,-29,-23,-25,-26,-36,-39,-35,-31,-27,-33,-51,-59,-52,-55,-76,-74,-83,-66,-59,-63,-71,0,0,0,0,24,0,0,0,0,0,0,0,0,0,0,0,0,0,0,0,0,0,0,1,0,0,0,0,19,0,14,0,0,0,0,0,0,0,0,0,0,0,0,0,0,0,0,0,0,0,0,0,0,0,0,0,0,-14,-14,-14,-14,-14,-14,-14,-14,-14,-14,-14]} 1. d4 {[%emt 0:01:01]} Nf6 {[%emt 0:00:04]} 2. c4 {[%emt 0:00:38]} e6 {[%emt 0:00:03]} 3. Nf3 {[%emt 0:00:41]} d5 {[%emt 0:00:06]} 4. Nc3 {[%emt 0:00:23]} Bb4 {[%emt 0:00:06]} 5. Bg5 {[%emt 0:01:58]} h6 {[%emt 0:00:22]} 6. Bh4 {[%emt 0:00:58]} dxc4 {[%emt 0:01:08]} 7. a3 {[%emt 0:00:20] D38: Queen's Gambit Declined: Ragozin Defence (4 Nf3 Bb4).} Bxc3+ {[%emt 0:01:15]} 8. bxc3 {[%emt 0:00:03]} b5 {[%emt 0:01:07]} 9. a4 {[%emt 0:00:16][%mdl 1024] White has compensation.} c6 {[%emt 0:00:11] [#]} 10. g4 $146 {[%emt 0:00:14]} ({Predecessor:} 10. Nd2 g5 11. Bg3 Nbd7 12. e4 Nb6 13. a5 Na4 14. Qc2 Qxa5 15. Be5 Qd8 16. h4 {1-0 (39) Melkumyan,H (2655)-Kosteniuk,A (2510) Chess.com INT 2022}) 10... Bb7 {[%emt 0:09:36]} 11. Bg2 {[%emt 0:00:25]} Nbd7 {[%emt 0:00:57]} 12. O-O {[%emt 0:01:08]} a6 {[%emt 0:03:31]} 13. Re1 {[%emt 0:09:58]} g5 {[%emt 0:08:18]} 14. Bg3 {[%emt 0:00:35]} Ne4 {[%emt 0:00:09]} 15. Qc2 {[%emt 0:31:20]} Nxg3 {[%emt 0:00:29]} 16. hxg3 {[%emt 0:00:06]} O-O {[%emt 0:02:46]} 17. e4 {[%emt 0:00:36]} c5 {[%emt 0:03:55]} 18. d5 {[%emt 0:01:00]} exd5 {[%emt 0:04:14]} 19. exd5 {[%emt 0:00:20]} Qf6 $1 {[%emt 0:09:26]} (19... Bxd5 $2 20. Rad1 Nf6 {[#]} 21. Nxg5 $1 {[%mdl 512]} hxg5 22. Qf5 $18) 20. Nd2 {[%emt 0:06:16]} Ne5 {[%emt 0:02:26]} (20... Rae8 $17) 21. Qf5 $1 $11 {[%emt 0:01:55]} Qxf5 {[%emt 0:00:59]} 22. gxf5 {[%emt 0:00:02]} f6 {[%emt 0:06:31]} 23. Ne4 {[%emt 0:09:09]} (23. Reb1 $5 {[%cal Ra4b5]}) 23... Nd3 {[%emt 0:01:19] The position is equal.} 24. Reb1 {[%emt 0:09:01]} Rad8 {[%emt 0:00:29] Inhibits Nd6. White must now prevent ...b4.} 25. axb5 {[%emt 0:00:15]} axb5 {[%emt 0:00:10]} 26. Rxb5 {[%emt 0:00:11]} Bxd5 {[%emt 0:00:08]} 27. Ra6 {[%emt 0:05:27]} Bxe4 {[%emt 0:00:52]} 28. Bxe4 {[%emt 0:00:02]} h5 {[%emt 0:16:50]} 29. Ra4 {[%emt 0:01:31]} Rb8 {[%emt 0:07:47]} 30. Rxb8 {[%emt 0:02:13]} Rxb8 {[%emt 0:00:11]} 31. Rxc4 {[%emt 0:00:03][%mdl 4096] Endgame KRB-KRN} Rb1+ {[%emt 0:01:01]} 32. Kg2 {[%emt 0:01:07]} Rd1 {[%emt 0:00:27]} 33. Bxd3 {[%emt 0:01:53]} Rxd3 {[%emt 0:00:08]} 34. Rxc5 {[%emt 0:00:10] KR-KR} Kg7 {[%emt 0:14:20]} 35. c4 {[%emt 0:04:23]} Rc3 {[%emt 0:03:45]} 36. Rc8 {[%emt 0:05:56]} g4 {[%emt 0:01:44]} 37. Kf1 {[%emt 0:02:36]} Kh6 {[%emt 0:00:38]} 38. Ke2 {[%emt 0:01:32]} Kg5 {[%emt 0:00:46]} 39. Rc5 {[%emt 0:00:08]} h4 {[%emt 0:00:25]} 40. gxh4+ {[%emt 0:00:06]} Kxh4 {[%emt 0:00:47]} 41. Rc8 {[%emt 0:32:55]} Kg5 {[%emt 0:30:35]} 42. c5 {[%emt 0:00:30]} Kxf5 {[%emt 0:00:46]} 43. c6 {[%emt 0:01:08]} Kf4 {[%emt 0:00:25]} 44. c7 {[%emt 0:00:00]} f5 {[%emt 0:00:00]} 45. Kd2 {[%emt 0:00:00]} Rc6 {[%emt 0:00:00]} 46. Ke2 {[%emt 0:00:00]} Rc5 {[%emt 0:00:00]} 47. Kd3 {[%emt 0:00:00]} Rd5+ {[%emt 0:00:00]} 48. Ke2 {[%emt 0:00:00] [#] Intending Rf8 and mate.} Re5+ {[%emt 0:00:00]} 49. Kf1 {[%emt 0:00:00] Ra8 would kill now.} Re7 {[%emt 0:00:00]} 50. Kg2 {[%emt 0:00:00]} Rf7 {[%emt 0:00:00]} 51. f3 {[%emt 0:00:00]} gxf3+ {[%emt 0:00:00]} 52. Kf2 {[%emt 0:00:00]} Rd7 {[%emt 0:00:00]} 53. Ra8 {[%emt 0:00:00]} Rxc7 {[%emt 0:00:00] aiming for ...Rc2+.} 54. Ra4+ {[%emt 0:00:00] Weighted Error Value: White=0.05 (flawless) /Black=0.04 (flawless)} 1/2-1/2

[Event "37th ECCC 2022"]
[Site "Mayrhofen"]
[Date "2022.10.07"]
[Round "5.16"]
[White "Fedorchuk, Sergey A."]
[Black "Volokitin, Andrei"]
[Result "0-1"]
[WhiteElo "2619"]
[BlackElo "2645"]
[Annotator "TA"]
[PlyCount "80"]
[EventDate "2022.10.03"]
[EventType "team-tourn"]
[EventCountry "AUT"]
[SourceTitle "playchess.com"]
[Source "ChessBase"]
[SourceQuality "1"]

1. e4 c5 2. Nf3 d6 3. Bb5+ Nd7 4. a4 Ngf6 5. Nc3 a6 6. Be2 g6 7. a5 Bg7 8. O-O O-O 9. d3 b5 10. axb6 Nxb6 11. Nd2 a5 12. Nc4 Nxc4 13. dxc4 Bb7 14. Qd3 Bc6 15. f4 Qc7 16. Bf3 Rfd8 17. Rd1 a4 18. Kh1 h5 19. h3 Qb7 20. Bd2 Nd7 21. Ra2 Nf8 22. Ne2 Bxb2 23. Rb1 a3 24. Bc3 Rdb8 25. Bxb2 axb2 26. Raxb2 Qa7 27. Rxb8 Rxb8 28. Rf1 Rb2 29. Nc3 Qb7 30. f5 h4 31. Bg4 g5 32. f6 Ng6 33. Qe3 Rxc2 34. Qxg5 Rxc3 35. Be6 Rg3 36. Qh6 exf6 37. Rxf6 Qb1+ 38. Kh2 Rxg2+ 39. Kxg2 Bxe4+ 40. Kf2 Qb2+ 0-1

[Event "37th ECCC 2022"]
[Site "Mayrhofen"]
[Date "2022.10.07"]
[Round "5.24"]
[White "Haldorsen, Benjamin"]
[Black "Bernadskiy, Vitaliy"]
[Result "0-1"]
[WhiteElo "2449"]
[BlackElo "2570"]
[Annotator "TA"]
[PlyCount "80"]
[EventDate "2022.10.03"]
[EventType "team-tourn"]
[EventCountry "AUT"]
[SourceTitle "playchess.com"]
[Source "ChessBase"]
[SourceQuality "1"]

1. e4 e6 2. d4 d5 3. Nc3 Bb4 4. Nge2 Ne7 5. a3 Ba5 6. b4 Bb6 7. e5 a5 8. b5 Nf5 9. Na4 Ba7 10. c3 f6 11. exf6 Qxf6 12. Ng3 O-O 13. Nxf5 Qxf5 14. Be3 e5 15. Bd3 e4 16. Be2 Qg6 17. g4 Be6 18. h4 Nd7 19. h5 Qf7 20. g5 Qe7 21. Qb3 c5 22. b6 cxd4 23. cxd4 Bb8 24. h6 g6 25. Rh4 Bd6 26. Nc3 Rac8 27. Bg4 Rc4 28. Be2 Rc6 29. Na4 Rcc8 30. Ra2 Rf7 31. Ra1 Rcf8 32. Bg4 Bg3 33. Bxe6 Qxe6 34. fxg3 Rf1+ 35. Kd2 Rxa1 36. Rf4 Rxf4 37. Bxf4 Qc6 38. Ke2 Kf8 39. Nc5 Nxc5 40. dxc5 Qxc5 0-1

[Event "37th ECCC 2022"]
[Site "Mayrhofen"]
[Date "2022.10.07"]
[Round "5.39"]
[White "Van der Werf, Mark"]
[Black "Bogner, Sebastian"]
[Result "1/2-1/2"]
[WhiteElo "2399"]
[BlackElo "2548"]
[Annotator "TA"]
[PlyCount "46"]
[EventDate "2022.10.03"]
[EventType "team-tourn"]
[EventCountry "AUT"]
[SourceTitle "playchess.com"]
[Source "ChessBase"]
[SourceQuality "1"]

1. d4 Nf6 2. c4 e6 3. Nc3 Bb4 4. e3 O-O 5. Bd3 d5 6. Nf3 dxc4 7. Bxc4 c5 8. O-O cxd4 9. exd4 b6 10. Ne5 Bb7 11. Bg5 Nbd7 12. Nxd7 Qxd7 13. Bxf6 gxf6 14. d5 Bxc3 15. bxc3 Bxd5 16. Qg4+ Kh8 17. Qh4 Bxc4 18. Qxf6+ Kg8 19. Qg5+ Kh8 20. Qf6+ Kg8 21. Qg5+ Kh8 22. Qf6+ Kg8 23. Rfd1 Qd8 1/2-1/2

[Event "37th ECCC 2022"]
[Site "Mayrhofen"]
[Date "2022.10.07"]
[Round "5.44"]
[White "Berchtenbreiter, Maximilian"]
[Black "Erenberg, Ariel"]
[Result "1-0"]
[WhiteElo "2509"]
[BlackElo "2516"]
[Annotator "TA"]
[PlyCount "79"]
[EventDate "2022.10.03"]
[EventType "team-tourn"]
[EventCountry "AUT"]
[SourceTitle "playchess.com"]
[Source "ChessBase"]
[SourceQuality "1"]

1. e4 e5 2. Nf3 Nc6 3. Bb5 a6 4. Ba4 Nf6 5. O-O Be7 6. Re1 b5 7. Bb3 d6 8. a4 Bg4 9. c3 Na5 10. Bc2 c5 11. h3 Bxf3 12. Qxf3 b4 13. d3 O-O 14. Nd2 Rb8 15. Nf1 Nd7 16. Ne3 Bg5 17. Qg4 g6 18. g3 Kh8 19. h4 Bxe3 20. Bxe3 f5 21. Qg5 Qe8 22. exf5 gxf5 23. d4 bxc3 24. bxc3 cxd4 25. cxd4 Qf7 26. dxe5 Nxe5 27. Bd4 Nac6 28. Bc3 f4 29. Rad1 fxg3 30. f4 Qc4 31. Qh6 Rf7 32. Re3 g2 33. Qxd6 Re8 34. Rxe5 Nxe5 35. Bxe5+ Kg8 36. Rd3 Re6 37. Qd8+ Rf8 38. Qg5+ Rg6 39. Qxg6+ hxg6 40. Bb3 1-0

[Event "37th ECCC 2022"]
[Site "Mayrhofen"]
[Date "2022.10.07"]
[Round "5.50"]
[White "Mueller, Nick"]
[Black "Brunner, Nicolas"]
[Result "1/2-1/2"]
[WhiteElo "2368"]
[BlackElo "2448"]
[Annotator "TA"]
[PlyCount "83"]
[EventDate "2022.10.03"]
[EventType "team-tourn"]
[EventCountry "AUT"]
[SourceTitle "playchess.com"]
[Source "ChessBase"]
[SourceQuality "1"]

1. d4 Nf6 2. c4 e6 3. Nc3 Bb4 4. Qc2 O-O 5. e4 d5 6. e5 Ne4 7. Bd3 c5 8. Nge2 cxd4 9. Nxd4 Nd7 10. Bf4 Qh4 11. g3 Qh5 12. h4 Nxe5 13. Be2 Qg6 14. Bxe5 f6 15. h5 Qe8 16. cxd5 fxe5 17. Qxe4 exd4 18. Qxd4 Bxc3+ 19. bxc3 exd5 20. h6 gxh6 21. Rxh6 Rf5 22. Kf1 Qf8 23. Rh4 Qf6 24. Bd3 Qxd4 25. cxd4 Rf7 26. Re1 Bf5 27. Bxf5 Rxf5 28. Re7 Raf8 29. f4 R5f7 30. Rg4+ Kh8 31. Re5 Rd8 32. Kg2 b5 33. Rgg5 Rfd7 34. Re6 Rc7 35. Kf3 Rc3+ 36. Kg4 Ra3 37. Re7 Rxa2 38. Rh5 Rg8+ 39. Kh3 Rg7 40. Re8+ Rg8 41. Re7 Rg7 42. Re8+ 1/2-1/2

[Event "37th ECCC 2022"]
[Site "Mayrhofen"]
[Date "2022.10.07"]
[Round "5.58"]
[White "Kenneskog, Theodor"]
[Black "Prohaszka, Peter"]
[Result "0-1"]
[WhiteElo "2320"]
[BlackElo "2570"]
[Annotator "TA"]
[PlyCount "82"]
[EventDate "2022.10.03"]
[EventType "team-tourn"]
[EventCountry "AUT"]
[SourceTitle "playchess.com"]
[Source "ChessBase"]
[SourceQuality "1"]

1. e4 c6 2. d4 d5 3. e5 Bf5 4. h4 h5 5. Bd3 Bxd3 6. Qxd3 Qa5+ 7. Nd2 e6 8. Ngf3 Nh6 9. O-O Nf5 10. Nb3 Qa6 11. Qd1 b6 12. c3 c5 13. Bg5 Nc6 14. Re1 Rc8 15. g3 Rc7 16. Kg2 Qa4 17. Qd2 c4 18. Nc1 b5 19. Ne2 b4 20. Nf4 Rd7 21. Nh2 Qa5 22. Qc2 bxc3 23. bxc3 Ba3 24. Rab1 Rc7 25. Nf1 Kd7 26. Ne3 Nfe7 27. Qe2 Kc8 28. Nc2 Qxc3 29. Qd1 Nf5 30. Nxh5 Nfxd4 31. Nxd4 Qxd4 32. Qa4 Bb2 33. Nxg7 c3 34. Qa6+ Kb8 35. Be3 Qc4 36. Qa3 Qb4 37. Bc5 Qxa3 38. Bxa3 Rb7 39. Bxb2 c2 40. Rbc1 Rxb2 41. Re2 Nb4 0-1